| 000 | 01127nam a2200229Ia 4500 | ||
|---|---|---|---|
| 003 | OSt | ||
| 005 | 20251218124857.0 | ||
| 008 | 221004b |||||||| |||| 00| 0 ben d | ||
| 020 | _a9788192141909 (hbk) | ||
| 037 | _cTB | ||
| 040 |
_aCRL _cCRL _bben |
||
| 041 |
_2ben _aben |
||
| 084 |
_aO157,3N26,JK 152Q1 _qCRL |
||
| 100 |
_aजायसवाल, हरीलाल, ‘हीरा’ _9857797 |
||
| 245 | 0 |
_aबोलते शिलाखण्ड : _b पुरातत्व व कला संस्कृति का प्राचीन इतिहास |
|
| 246 | _aBolate shilākhaṇḍa: purātatva v kalā sanskṛuti kā prāchīn itihāsa | ||
| 260 |
_aजयपुर : _bसत्यम् पब्लिशर्स एण्ड डिस्ट्रीब्यूटर्स भारत , _c2011. |
||
| 300 |
_a176पृ0 _ccm. |
||
| 650 |
_aबंगाली साहित्य _9857798 |
||
| 942 |
_hO157,326,JK 152Q1 _cTB _2CC _n0 |
||
| 999 |
_c1010282 _d1010282 |
||